[Event "Bundesliga 1617"]
[Site "Germany"]
[Date "2017.04.08"]
[Round "11.8"]
[White "Gajewski, Grzegorz"]
[Black "Efimenko, Zahar"]
[Result "0-1"]
[WhiteElo "2628"]
[BlackElo "2650"]
[Annotator "Meyer,CD"]
[PlyCount "68"]
[EventDate "2016.10.15"]
[EventType "team-tourn"]
[EventRounds "15"]
[EventCountry "GER"]
[SourceTitle "CBM 178"]
[Source "ChessBase"]
[SourceDate "2017.05.14"]
[SourceVersion "1"]
[SourceVersionDate "2017.05.14"]
[SourceQuality "1"]
[WhiteTeam "Dresden"]
[BlackTeam "Werder Bremen"]
[WhiteTeamCountry "GER"]
[BlackTeamCountry "GER"]

{INVASION AUF DER ERSTEN REIHE (Fragen zur Vorteilsverwertung)} 1. d4 d6 $5 {
Diese flexible Eröffnung - mit vielen Wahlmöglichkeiten für beide Seiten -
ist gelegentlich bei Werders ukrainischem Großmeister Zahar Efimenko
anzutreffen.} 2. Nf3 ({Andere Fortsetzungen mit Efimenkos Beteiligung: I} 2. c4
Nf6 ({II} 2... g6 3. Nc3 Bg7 4. e4 c5 5. d5 e6 {- Braun,A (2538) - Efimenko,Z 
(2683), Germany 2011}) 3. Nc3 Bf5 4. Nf3 g6 5. g3 Ne4 6. Nxe4 Bxe4 7. Bh3 Bg7 (
7... d5 $142 $1 8. O-O Bxf3 9. exf3 dxc4 10. Qa4+ $1 c6 11. Qxc4 Na6 $5 12. Bg5
h6 13. Bf4 Bg7 $14 {aus "the new Old Indian" von A. Cherniaev / E. Prokuronov})
8. O-O Bxf3 9. exf3 O-O 10. Be3 Nd7 11. f4 Nb6 12. b3 e6 13. Rc1 c6 14. Qd2 a5
15. Rfd1 d5 $14 {- Nakar,E (2494) - Efimenko,Z (2655), Warsaw 2016}) ({III} 2.
e4 Nf6 3. Nc3 ({IV} 3. f3 c5 4. d5 g6 5. c4 Bg7 6. Nc3 O-O 7. Nge2 e6 {- Ward,
C (2456) - Efimenko,Z (2616), Gibraltar 2007}) 3... g6 4. Bg5 c6 {- Bellin,R 
(2385) - Efimenko,Z (2638), Gibraltar 2008}) 2... Bg4 {Schwarz möchte mit
dieser zweischneidigen Nebenvariante die ausgetretenen Hauptpfade vermeiden.} (
{Eine geläufige Zugumstellung zu unserer Partie (bis zum 9. Zug von Schwarz)
ist} 2... g6 3. c4 Bg7 4. Nc3 Bg4 5. d5 (5. g3 Bxf3 6. exf3 c6 7. Bg2 Nf6 8.
O-O O-O 9. d5 Nbd7 10. f4 Rc8 11. Re1 Re8 12. Be3 $14 {- 0:1/46, Kobylkin,E 
(2444) - Efimenko,Z (2572), Kharkov 2004}) 5... Nf6 6. h3 Bxf3 7. exf3 c6 8.
Be2 O-O 9. O-O Nbd7) 3. c4 $5 {Wird mit Abstand - insbesondere von 1.
d4-Spielern - am meisten gespielt. Weiß nimmt einen evtl. Doppelbauern
billigend in Kauf, hält den geschlossenen Charakter der Stellung aufrecht und
bekommt ein Übergewicht im Zentrum. Wie bereits im zweiten Zug hätte er hier
auch gut 3.e4 ziehen und einen 1.e4-Typus nebst einer ganz anderen, härteren
Gangart anstreben können, z.B.} (3. e4 $5 Nf6 4. Nc3 e6 ({Schwarz mag mit
anderen Fortsetzungen wie z.B.} 4... c6) (4... Nc6) (4... Nbd7 {besser beraten
sein.}) 5. h3 Bh5 6. Qe2 c6 7. g4 Bg6 8. h4 h5 9. g5 Nfd7 10. Bh3 $1 {Mit dem
Plan d4-d5 nebst Schaffung heller Felderschwächen im gegnerischen Lage. Der
Verteidiger hat bereits Probleme.} Qa5 (10... Be7 11. d5 $1 cxd5 12. exd5 e5
13. Be3 O-O 14. O-O-O $16 {, dennoch 0:1/44, Svane,R (2394) - Danielsen,H 
(2524), Copenhagen 2012}) 11. d5 $1 e5 12. Nd2 Qa6 13. Qf3 $16 Be7 (13... b5)
14. Nb3 Qb6 (14... b5 15. dxc6 Qxc6 16. Be3) 15. Be3 Qc7 16. O-O-O a6 17. dxc6
(17. Bf5) 17... bxc6 18. Bf5 Nb6 (18... Bxf5 19. exf5 d5 20. Rxd5 $3 cxd5 21.
Nxd5 Qc6 (21... Qc8 22. Nxe7) 22. Na5 $18) 19. Qh3 (19. Bxg6 fxg6 20. Qh3)
19... N8d7 (19... Bxf5 20. Qxf5 g6 21. Bxb6 Qxb6 22. Qc8+ Qd8 23. Qb7 Nd7 24.
Qxc6) 20. Bxb6 {- 1:0, Rapport,R (2720) - Danielsen,H (2488), Reykjavik 2016} (
20. Bxb6 Nxb6 21. Bxg6 fxg6 22. Qe6)) 3... Nf6 ({Die Fortsetzung} 3... Bxf3
$143 4. exf3 c6 5. Nc3 {hat sich für Weiß als günstiger erwiesen, z.B.} Nf6
6. d5 $5 g6 7. Be2 Bg7 8. O-O O-O 9. Be3 Nbd7 10. Qb3 $14 {mit einem Mehrtempo
für Weiß gegenüber unserer Hauptpartie, in der h2-h3 zwischengeschaltet
wird.}) 4. Nc3 (4. Qb3 Qc8 5. Nc3 g6 6. h3 Bxf3 7. exf3 Bg7 8. Be2 O-O 9. Be3
e5 10. dxe5 $5 (10. d5 $5) 10... dxe5 11. f4 Nc6 $5 (11... exf4 $5 12. Bxf4 Nc6
13. Rd1 Re8 14. O-O Ne4 $11 {- remis/58, Schmidt,R (2382) - Swiercz,D (2472),
Budva 2009}) 12. fxe5 Nxe5 13. O-O Re8 14. Rad1 $14 {- remis/27, Donchenko,A 
(2569) - Krasenkow,M (2610), Drancy 2016}) 4... g6 {Nun entsteht eine Mischung
aus Alt- und Königsindisch mit frühem ...Bg4.} (4... Bxf3 $143 5. exf3 g6 6.
Be3 Bg7 7. Qb3 Qc8 8. Be2 (8. h4 $5 c5 9. d5 Nbd7 10. g4 $40 {- 1:0/38, Kozul,
Z (2505) - Tal,M (2610), Tbilisi 1988}) 8... O-O 9. O-O c6 10. d5 Nbd7 11. Rac1
Qc7 12. Rfd1 Rfc8 13. f4 Nc5 14. Qc2 cxd5 15. Nxd5 Nxd5 16. Rxd5 e6 17. Rdd1 a5
18. b3 Rd8 19. Bf3 $16 {, dennoch remis/44, Gelfand,B (2741) - Romanov,E (2573)
, Skopje 2015}) 5. d5 $5 $146 {An dieser Stelle vermutlich eine Neuerung,
indes steuert Weiß damit einen bekannten Stellungstyp an.} ({Alternativen, z.
B.: I} 5. e4 Bg7 (5... Bxf3 $5 6. Qxf3 Nc6) 6. Be2 O-O 7. O-O Nfd7 8. Be3 Nc6
9. d5 Bxf3 10. Bxf3 Na5 11. Be2 Bxc3 12. bxc3 e5 $13 {- 0:1/60, Hernando
Rodrigo,J (2318) - Vallejo Pons,F (2713), Linares 2016}) ({II} 5. e3 Bg7 6. Qb3
$5 Qc8 7. Be2 O-O 8. h3 (8. O-O $14) 8... Bf5 9. g4 Bd7 10. e4 c5 11. d5 b5 $2
(11... a6 $142 $5) 12. cxb5 a6 13. b6 Qb7 14. Nd2 Bb5 15. a4 $2 (15. Nxb5 $142
axb5 16. Bxb5 Qxb6 17. O-O $16) 15... Bxe2 16. Kxe2 a5 17. Nc4 Nfd7 $13 {
- 0:1/51, Nadera,B (2419) - Gagunashvili,M (2596), Manila 2010}) 5... Bg7 6. h3
$5 Bxf3 7. exf3 c6 (7... O-O 8. Bd3 Nbd7 9. O-O c6 10. Re1 Re8 11. Bf1 a5 12.
Be3 Nc5 13. Qc2 Nfd7 14. Rad1 $16 {- 1:0/26, Gajewski,G (2572) - Sanikidze,T 
(2569), Konya 2010}) 8. Be2 O-O 9. O-O Nbd7 10. Be3 $14 {So weit wurde das
schon vereinzelt probiert. Weiß steht zweifellos angenehmer: Er hat das
freiere Spiel und das Läuferpaar, während der Doppelbauer nicht ins Gewicht
fällt. Doch was könnte nun für Schwarz ein geeigneter Plan sein, um seine
beengte Lage zu verbessern?} Nb6 $6 {Aktivität am Damenflügel erscheint zwar
wünschenswert, aber nicht so! Die folgenden Alternativen mögen eher
brauchbar sein:} ({I} 10... Qa5 11. a3 cxd5 12. cxd5 Rfc8 $14 {- remis/29,
Fronczek,H (2202) - Villing,D (2080) , Erfurt 2008}) ({II} 10... cxd5 11. cxd5
Qa5 {/\Nb6} 12. a3 Rfc8 $14 {mit Zugumstellung zur vorigen Variante.}) 11. Rc1
({Sehr in Betracht kam auch} 11. Qb3 $5 $16 {Dieser Damenzug erweist sich
häufig als lästig nach frühem ...Bg4.} Nfd7 12. Rfd1 Qc7 13. Rac1) 11... Rc8
$6 ({Oder: I} 11... e6 12. dxe6 fxe6 13. Qb3 $16 Qe7 14. Ne4) ({II} 11... Nfd7
12. f4 $16 Re8 13. b3 Rc8 14. Bf3) ({III} 11... Qd7 $5 12. Qb3 (12. a4 e6 13.
a5 Nc8 14. dxe6 fxe6 15. Qd2 $14) 12... e6 13. dxe6 Qxe6 14. Rfd1 $14 (14. Bxb6
$2 axb6 15. Qxb6 $2 Nd7 16. Qb3 Nc5 17. Qc2 Bxc3)) 12. Bd4 $2 ({Erneut bot sich
} 12. Qb3 $142 $1 $16 {stark an, worauf eine befriedigende Antwort kaum zu
finden ist. Der Textzug indes ist ein grober Fehler, der schlicht einen Bauern
einbüßt und die Partie auf den Kopf stellt.}) 12... cxd5 $1 13. Bxf6 (13.
cxd5 Nfxd5 14. Bxg7 Kxg7 15. Nxd5 Rxc1 16. Qxc1 Nxd5 $17) 13... Bxf6 14. cxd5
Rc5 15. Ne4 (15. Qb3 Bxc3 16. Rxc3 Rxd5 $17) 15... Rxd5 16. Nxf6+ exf6 $17 {
Der nun folgende, eher technische Teil der Partie wirft zwar noch diverse
knifflige Fragen auf, die von einem geduldigen Positionsspieler wie Efimenko
aber gelöst werden sollten...} 17. Qb3 Rc5 (17... Qe7 18. Rc2 Re5 19. Bd3 Rc8
$17) 18. Rcd1 (18. Rxc5 dxc5 19. Rd1 Qe7 $17) 18... Qe7 (18... d5 19. f4 Qc7
20. Rd4 Rd8 21. g3 Kg7) 19. Rd2 Re5 20. Bd3 Rc8 (20... Re1 $142) 21. f4 (21.
Qd1 Re8) 21... Re1 $1 22. Rd1 Rxd1 23. Rxd1 d5 24. g3 Kg7 25. Bf1 Qc5 26. Bg2
Qc2 $2 ({Nachdem Efimenko zuvor glücklich die Oberhand gewonnen hat,
provoziert er jetzt mit seiner voreiligen Fortsetzung, die weiteren Abtausch
und rasche Vereinfachung sucht, unnötige Komplikationen. Den Vorteil sicher
festgehalten hätte dagegen das prophylaktische} 26... Rd8 $142 {, z.B.} 27.
Qd3 (27. h4 Rd7 28. h5 f5 29. Bf3 d4 $17) 27... Rd7 28. Qd4 Qxd4 29. Rxd4 f5
30. Kf1 Kf6 31. Ke2 Ke6 $17) 27. Bxd5 $2 ({Der polnische Großmeister
revanchiert sich und verpasst damit seine letzte Chance, noch mit heiler Haut
davonzukommen, und zwar mittels Damentausch} 27. Qxc2 $142 $5 Rxc2 {nebst} 28.
a4 $5 ({nicht} 28. Bxd5 $143 Nxd5 29. Rxd5 Rxb2 30. a4 f5 $17) {, was die
gegnerische Vorteilsverwertung außerordentlich erschwert hätte, z.B.} 28...
Nxa4 (28... Rxb2 29. a5 Nc4 (29... Na4 30. Rxd5 f5 31. a6 $5 Rb1+ (31... bxa6
32. Rd7) 32. Kh2 bxa6 33. Rd7 $15 {/\Rxa7}) 30. Rxd5 b6 31. Rd4 Rb1+ 32. Kh2
Nxa5 33. Rd7 Kf8 34. Rxa7 (34. Bd5 $4 Rd1) 34... Rd1 35. g4 Rd4 36. Kg3 $15)
29. Rxd5 (29. b3 $2 Nc3 30. Rd3 a5 31. Bxd5 b5 $19) 29... Rxb2 30. Ra5 Nc3 31.
Rxa7 Rb1+ 32. Kh2 b6 33. Bc6 Rb2 34. Kg1 Re2 35. Rb7 Re6 36. Bf3 (36. Rxb6 $4
Ne2+ 37. Kg2 Nd4) 36... f5 37. Kf1 $15 {mit anhaltendem, zähem Widerstand.
Der weiße Mehrbauer ist - falls überhaupt - nur mit "Sisyphusarbeit" wirksam
zu mobilisieren.}) 27... Nxd5 $17 {Bei den anstehenden Transformationen kann
Weiß nur zwischen den Übeln wählen. Zumeist verliert er am Damenflügel
einen Bauern und bleibt zudem unter schwerem Druck. Die resultierenden
Damenendspiele wirken völlig chancenlos, selbst das Turmendspiel in
nachstehender Variante II erscheint hoffnungslos.} 28. Rxd5 ({I} 28. Qxd5 Qxb2
29. Rd2 (29. a4 Rc1 $1 30. Kg2 Rxd1 31. Qxd1 b5 32. axb5 Qxb5 $19) 29... Rc1+
30. Kh2 Rc2 $1 31. Rxc2 Qxc2 $19) ({II} 28. Qxc2 Rxc2 29. Rxd5 Rxb2 30. a4 f5
31. a5 a6 32. Kg2 Rb5 33. Rd7 h5 34. Kf3 Kf6 35. h4 (35. Ke2 Ke6 36. Rc7 Rxa5
37. Rxb7 Ra2+ 38. Ke3 a5 39. Rb6+ (39. Ra7 a4 $19 40. f3 a3 41. Kd4 Ra1 42.
Ra6+ Ke7 43. g4 a2 44. Kc3 Rc1+ 45. Kb2 a1=Q+ 46. Rxa1 Rxa1 47. Kxa1 fxg4 48.
fxg4 hxg4 49. hxg4 Ke6) 39... Kd5 40. Rb7 a4 41. Rxf7 a3 42. Rf6 Rc2 43. Rxg6
a2 44. Ra6 Kc4 $19) 35... Ke6 36. Rc7 Rxa5 37. Rxb7 Ra2 (37... Ra3+ 38. Ke2 a5)
38. Rb6+ Kd5 39. Rf6 Kc5 40. Rxf7 Rd2 41. Ke3 Rd5 $19) 28... Qe2 $1 {Stellt
die furchtbaren Drohungen ...Rc1+ bzw. ...Rc2 auf, die es zu parieren gilt.}
29. Kg2 $2 {Die schlechteste Wahl, indes leisten die Alternativen aber auch
nur hinhaltenden Widerstand:} ({I Relativ am besten ist} 29. Qd1 Qxb2 30. Rd2 {
, z.B.} Qa3 31. Kg2 Rc1 32. Qb3 (32. Qe2 Ra1 33. Qc4 Qe7 34. Re2 Qd7 35. Qc2 h5
36. h4 b5 $19) 32... Qa6 33. Qd3 Qc6+ 34. Qd5 Qe8 {und da ...Qe1 verhindert
werden muss, ergibt der anschließende Turmtausch ein leicht für Schwarz
gewonnenes Damenendspiel:} 35. Rd1 Rxd1 36. Qxd1 a5 37. g4 b5 38. Qd5 Qe6 {
usw. -+}) ({II} 29. Rd1 Rc2 30. Rf1 Rxb2 31. Qd5 Rxa2 32. Qxb7 a5 $19) ({III} 
29. Qe3 Qxb2 30. Rd7 Qxa2 31. Rxb7 Qd5 32. Rb1 a5 $19) 29... Rc1 $1 $19 {
Mit verheerender Invasion der Schwerfiguren auf der feindlichen Grundreihe.
Die vernichtende Kardinaldrohung lautet 30...Qe4+ 31.Qf3 (31.f3 Qe2#; 31.Kh2
Rh1#) 31...Qe1!} 30. Qd3 ({Oder z.B.: I} 30. g4 Qe4+ 31. Kg3 (31. Qf3 Rg1+ $19)
(31. f3 Qe2+ 32. Kg3 Rg1+ 33. Kh4 Qe1#) 31... Rg1+ 32. Kh4 Qxf4 {nebst
Mattsetzung}) ({II} 30. Rd4 Qf1+ 31. Kf3 Re1 32. Rd7 (32. Qc3 h5 $19 (32... Re2
$19)) (32. Qd3 Qxh3 $19) 32... Qe2+ 33. Kg2 Qe4+ 34. Qf3 Rg1+ $19) 30... Qe1
31. g4 ({Falls} 31. Kf3 {, so gewinnt beispielsweise} Qh1+ 32. Kg4 (32. Ke3
Re1+ 33. Kd4 Rd1 $19) 32... h5+ 33. Kh4 Qg2 34. Rd7 Rh1 35. Rxf7+ Kh6 $1 $19)
31... Qg1+ 32. Kf3 Qh2 33. Ke2 Qh1 $1 34. Qd2 Qf1+ {- Weiß gab auf. Am Ende
eine saubere technische und taktische Leistung von Zahar Efimenko.} 0-1

[Event "Villa Martelli"]
[Site "Villa Martelli"]
[Date "1998.05.23"]
[Round "5"]
[White "Slipak, Sergio"]
[Black "Rodriguez Vila, Andres"]
[Result "1-0"]
[WhiteElo "2510"]
[BlackElo "2475"]
[Annotator "Petursson,M"]
[PlyCount "69"]
[EventDate "1998.05.??"]
[EventType "tourn"]
[EventRounds "9"]
[EventCountry "ARG"]
[EventCategory "9"]
[SourceTitle "CBM 065"]
[Source "ChessBase"]
[SourceDate "1998.08.06"]
[SourceVersion "1"]
[SourceVersionDate "1998.08.06"]
[SourceQuality "1"]

1. d4 d6 2. e4 Nf6 3. f3 Nbd7 4. c4 e5 5. Ne2 Be7 6. Be3 O-O 7. Qd2 c6 8. Nbc3
a6 9. Ng3 Re8 10. Nf5 d5 11. O-O-O Bb4 12. a3 Ba5 13. b4 Bc7 14. g4 exd4 15.
Bxd4 Ne5 16. Be2 a5 17. f4 Nxc4 18. Bxc4 dxc4 19. Nxg7 Nxe4 20. Qc2 Bxf4+ 21.
Kb2 Nd6 22. Rhf1 axb4 23. axb4 Bg5 24. h4 Be7 25. Nxe8 Qxe8 26. Qe2 Qf8 27. g5
Nf5 {[%tqu "En","Can you find a winning move for White?","You want to double
on the diagonale d4-h8","Sacrifice the exchange to prevent him from taking
your bishop!","f1f5","",12]} 28. Rxf5 Bxf5 29. Qe5 Bf6 $1 {Clearly Black had
counted on this surprising move when he played 27.....Nf5. But the
counterattack is not as dangerous as it looks!} 30. Qxf6 Qxb4+ 31. Kc1 Qa3+ 32.
Kd2 Qb2+ {[%tqu "En","How do you continue?","You have two moves, one is
winning, but the other one loses immediatly!","The King forward!","d2e3","",6,
"d2e1","",0]} 33. Ke3 (33. Ke1 $4 Re8+ 34. Kf1 (34. Be5 Qxc3+ $19) 34... Bh3+
35. Kg1 Qg2#) 33... Re8+ 34. Kf3 Bg4+ 35. Kxg4 1-0

[Event "Bundesliga 0910"]
[Site "Germany"]
[Date "2010.03.21"]
[Round "13.2"]
[White "Postny, Evgeny"]
[Black "Casper, Thomas"]
[Result "1/2-1/2"]
[WhiteElo "2651"]
[BlackElo "2395"]
[Annotator "Postny,E"]
[PlyCount "99"]
[EventDate "2009.10.16"]
[EventType "team-tourn"]
[EventRounds "15"]
[EventCountry "GER"]
[SourceTitle "CBM 136"]
[Source "ChessBase"]
[SourceDate "2010.05.18"]
[SourceVersion "1"]
[SourceVersionDate "2010.05.18"]
[SourceQuality "1"]
[WhiteTeam "Eppingen"]
[BlackTeam "Erfurt"]
[WhiteTeamCountry "GER"]
[BlackTeamCountry "GER"]

1. d4 Nf6 2. c4 d6 3. Nc3 Nbd7 4. e4 e5 {My opponent has a lot of experience
in this opening, which is not very common nowadays.} 5. d5 Nc5 6. f3 {I opted
for a Saemisch type of setup.} a5 7. Be3 Be7 8. Qd2 O-O 9. O-O-O {The plan
with castling on opposite sides is one of the most ambitious and promises a
sharp battle.} (9. Nge2 {is another option followed by Ne2-g3 or even
Ne2-c1-d3 exchanging Black's active knight.}) 9... Ne8 {This is a standard
manoeuvre. The advance f7-f5 is Black's only reasonable plan.} (9... Nh5 $6 {
is not so good as after f7-f5 Black won't be able to recapture due to the fork
g2-g4.}) 10. g3 $5 {This move is somewhat unnatural, but has its point. White
is going for an expansion on the kingside which is going to be started by
h2-h4. According to my database this plan was pioneerd by Konstantin Sakaev.} (
10. g4 {is the usual move, but after} Bh4 11. Nge2 Qf6 12. Bg2 Qe7 {I think
that White has nothing here as he can't get rid of the Bh4.} 13. Kb1 g6 14.
Rhg1 b6 15. Ng3 Kh8 16. Bh6 Rg8 17. Be3 Bd7 18. Rdf1 Rf8 19. Bh6 Rg8 20. Be3
Rf8 {1/2-1/2 Paehtz,T (2500)-Casper,T (2420)/Leipzig 1988/CBM 007}) 10... f5
11. exf5 Bxf5 12. h4 a4 (12... h6 13. g4 Bh7 14. g5 h5 15. Be2 Bf5 16. Nh3 g6
17. f4 $16 {1/2-1/2 Sakaev,K (2590)-Chernov,V (2450)/Krynica 1997/CBM 062 (24)}
) 13. g4 Bd7 14. Be2 $5 {My idea was to protect the Pf3 in order to develop
the knight as soon as possible. I didn't like moves like 14.h5 or 14.g5 which
deserved attention as well.} Nf6 {After a very long meditation (more than 50
minutes) my opponent decided to go for the e5-e4 idea. It is worth to mention
that at any moment the inclusion of moves a4-a3 and b2-b3 was possible;
however, it's not clear who will benefit more. The capture of the Ph4 was
extremely dangerous for Black.} (14... Bxh4 15. Nh3 $1 ({Not clear} 15. g5 $6
Bg3 16. Nh3 Bxh3 17. Rxh3 Bf4 18. Bxf4 Rxf4 19. Rdh1 Qxg5 20. Rxh7 Kf7) 15...
Be7 16. Nf2 $36 {Later on White is going to double his rooks along the h-file.}
) 15. Nh3 e4 16. Rdg1 (16. g5 $6 exf3 17. Bxf3 Ng4 $132) 16... exf3 17. Bxf3
Bc8 {[%csl Ge5][%cal Gf6d7,Gd7e5]} 18. Qc2 ({The immediate} 18. Ng5 {with the
same idea was possible, but the move in the text is not worse.}) 18... Qe8 (
18... Nfd7 19. Ng5 g6 20. Nxh7 $6 {During the game I was calculating this
sacrifice.} (20. Be2 $1 {is objectively better, keeping White's advantage.} Ne5
21. Kb1 Bd7 22. Nge4 $16 {[%cal Gh4h5]}) 20... Kxh7 21. h5 Rxf3 (21... Ne5 $2
22. hxg6+ Kg8 23. Be4 $1 Bh4 24. g5 Bf2 25. Bxc5 dxc5 26. d6 $1 {[%cal Ge4d5]}
Be6 27. Rg2 Be3+ 28. Kb1 Bf4 29. Bd5 $18 {[%cal Gg6g7]}) 22. Qxg6+ Kh8 {
and White has only perpetual.}) 19. Bxc5 $1 {Normally it's bad to give up such
a bishop, but I need to open the e-file for the rook.} ({After} 19. Nb5 Bd8 {
White has nothing concrete.}) 19... dxc5 20. Re1 Bxg4 21. Bxg4 Nxg4 {Here I
was sure that there should be a solution, if not for a clear win, but at least
for a big advantage. White has a lot of tempting moves, but only one of them
is good. Unfortunately, I failed to solve the puzzle.} 22. Rhg1 $2 (22. Qe4 $4
Bxh4 $19 {[%csl Re1]}) (22. Re6 $1 {[%cal Gc2e2] This cool-blooded positional
move is the solution.} Nh6 23. d6 $1 Qc6 24. Nd5 Bxd6 25. Ng5 $1 (25. Ne7+ $2
Bxe7 26. Rxc6 bxc6 27. Ng5 Nf5 {is not clear at all.}) 25... Nf5 26. Rf1 h6 (
26... g6 27. h5 Rae8 28. hxg6 Rxe6 29. gxh7+ Kh8 30. Nxe6 Nd4 31. Qg2 Rxf1+ 32.
Qxf1 Nxe6 33. Qf7 $18) 27. Rxf5 hxg5 28. Ne7+ Bxe7 29. Rxc6 bxc6 30. Rxf8+ (30.
hxg5 $2 Bxg5+ $1 31. Kb1 Bf6 $11) 30... Rxf8 31. Qe4 {and White should win
this, even though won't be easy.}) 22... h5 $1 {Thomas Casper was already in
severe time trouble, but handles the position very well.} 23. d6 cxd6 24. Nd5
Ne5 25. Nhf4 $2 {Pushing too hard.} (25. Nxe7+ Qxe7 26. Ng5 g6 27. Rxe5 Qxe5
28. Qxg6+ Qg7 29. Qxh5 Rf5 30. Qd1 Kh8 31. Qh5+ Kg8 $11 {I saw this line,
which was already the only reasonable option for me, but I wanted to try for
more...}) 25... Bxh4 26. Ng6 Bg5+ $2 {I completely overlooked this idea, which
parries my attack and leads to an equal position. In fact, Black could already
claim a big advantage.} (26... Rf2 $1 {as simple as it is strong.} 27. Qe4 (27.
Nde7+ Bxe7 28. Qxf2 Nd3+ $19) 27... Nxg6 28. Qxe8+ Rxe8 29. Rxe8+ Kh7 $17) 27.
Kb1 (27. Rxg5 $2 Nd3+ 28. Qxd3 Qxe1+ 29. Qd1 Qxd1+ 30. Kxd1 Rf2 31. Rxh5 Re8 {
and a rook + two pawns are superior to White's seemingly active knights.})
27... Qxg6 {Sacrificing the queen, but eliminating all of White's active
pieces.} 28. Ne7+ Bxe7 29. Rxg6 Nxg6 30. Qxg6 Bf6 {Black has sufficient
compensation for the queen.} 31. Qxh5 Be5 32. Qh1 (32. Rh1 {was called for,
but White's threats are not dangerous. With normal play the rock-solid bishop
on e5 guarantees Black a fortress.}) 32... Rf7 33. Qd5 Re8 34. Re2 Ree7 35. Kc2
g6 36. Rg2 Kg7 37. Qd3 Rf6 38. Qa3 {Trying to get the pawn, but allowing the
rook exchange that now follows.} Ref7 $1 39. Qxa4 Rf2+ 40. Rxf2 Rxf2+ 41. Kd3
Rxb2 $11 {The time trouble had passed. Black protects all his pawns, so
White's queen can do only a perpetual.} 42. Qd7+ Kh6 43. a4 b6 44. Ke4 Rb4 45.
Kd5 Kg5 46. Qe7+ Kf5 47. Qf7+ Kg5 48. Qe7+ Kf5 49. Qh7 Kg5 50. Qe7+ 1/2-1/2